| 000 | 00472nam a2200169Ia 4500 | ||
|---|---|---|---|
| 008 | 230917s9999||||xx |||||||||||||| ||und|| | ||
| 020 | _cUSD150 | ||
| 040 |
_e255702 _aMAIN |
||
| 041 | _aEnglish | ||
| 082 | _a338.4791 L96T | ||
| 100 | _aLu, Jing, ed. | ||
| 245 | 0 | _aTourism and developments: Issues and challenges | |
| 260 |
_aNew York _bMagnum Publishing _c2018 |
||
| 300 | _axiii, 288 p. | ||
| 500 | _a3474 08/05/2019 RBP19/75797 24/05/2019 IHTM (SFS) | ||
| 942 | _cBK | ||
| 999 |
_c31307 _d31307 |
||